| 000 | 00860cad a22002295a 4500 | ||
|---|---|---|---|
| 001 | E147622 | ||
| 008 | 090529e20090421xxk f 000 0 eng d | ||
| 035 | _a(Sirsi) u147622 | ||
| 041 | 0 | _aeng | |
| 050 | 0 | 4 | _a711.1 $2 18 |
| 100 | 1 | _aBailie, Sarah | |
| 245 | 0 | 0 |
_aPlanning ahead _ba new dawn for planning in Scotland _h[electronic resource] |
| 260 |
_aLondon _bRICS _c2009 |
||
| 490 | 0 | _aRICS Feature | |
| 520 | _aDiscusses the Planning etc. (Scotland) Act 2006, under which planning authorities will carry out the preparation, examination and publication of their development plans. | ||
| 521 | _aIntroductory | ||
| 590 | _aKA | ||
| 651 | 4 |
_aScotland _y1999- |
|
| 690 |
_aPlanning and development _96259 |
||
| 856 | 4 | 0 |
_uhttps://www.rics.org/RICSWEB/getpage.aspx?p=REK4ur6wf0-YqSK3-eAwgg _zView the report free of charge at www.rics.org... |
| 942 | _n0 | ||
| 999 |
_c109659 _d109659 |
||